|
|
|
แสดงรายละเอียดบรรณานุกรม |
|
|
Brief Record
: Get Marc (ISO 2709)
: E-mail record
: |
select id from stat_globaluid where statuid='20260517200929_951'mysqli: Table './ulib62015/stat_globaluid' is marked as crashed and should be repaired
DELETE FROM stat_globaluid WHERE id NOT IN ( SELECT id FROM ( SELECT id FROM stat_globaluid ORDER BY id DESC LIMIT 100 ) foo );mysqli: Table './ulib62015/stat_globaluid' is marked as crashed and should be repaired
insert into stat_globaluid set statuid='20260517200929_951', dt='1779023369', phpself='/ULIB62015/dublinfull.php', agent='Mozilla/5.0 AppleWebKit/537.36 (KHTML, like Gecko; compatible; ClaudeBot/1.0; +claudebot@anthropic.com)', yea='2026', mon='5', dat='17', ip='216.73.216.45'mysqli: Table './ulib62015/stathist_viewbib_bib_type' is marked as crashed and should be repaired
insert into stathist_viewbib_bib_type set dat='17' , mon='05' , yea='2026' , statuid='20260517200929_951' , head='29909' , foot='marc' , dt='1779023369'
| LEADER : 01174nam 2200277 a 4500 | |||
| 001 29909 | |||
| 003 ULIB | |||
| 008 030417s2004 caua sb 001 0 eng | |||
| 020 ^a974-9508-14-9 | |||
| 050 ^aW61^bว594ป | |||
| 100 ^aวิทิต วัณนาวิบูล | |||
| 245 ^aปรัชญาแนวคิดพื้นฐานการแพทย์ตะวันออก-ตะวันตก | |||
| 913 ^aImported by ULIBM Administrator | |||
| 945 ^p210^l0^i007043 | |||
| 945 ^p0^l0^i010090 | |||
| 945 ^p0^l0^i015830 | |||
| 945 ^p0^l0^i015831 | |||
| 945 ^p0^l0^i015832 | |||
| 945 ^p0^l0^i015833 | |||
| 945 ^p0^l0^i015834 | |||
| 945 ^p0^l0^i020764 | |||
| 949 ^aImport form external file by ULIBM system | |||
| คุณยังไม่ได้ล็อกอิน คุณสามารถมีกิจกรรมร่วมกับเว็บไซต์ได้ แต่ต้องล็อกอินก่อน :: |
|
|||||||||
|
||||||||||
| สถานะ | |||||
| 1. | หนังสือ | WB 115 ว367ต 2004 ฉ.1 Barcode: 010090 | บนชั้น ขอยืม | ||
| 2. | หนังสือ | W 61 ว594ป 2004 ฉ.2 Barcode: 007043 | บนชั้น ขอยืม | ||
| 3. | หนังสือ | W 61 ว594ป 2004 ฉ.3 Barcode: 015830 | บนชั้น ขอยืม | ||
| 4. | หนังสือ | W 61 ว594ป 2004 ฉ.4 Barcode: 015831 | บนชั้น ขอยืม | ||
| 5. | หนังสือ | W 61 ว594ป 2004 ฉ.5 Barcode: 015832 | บนชั้น ขอยืม | ||
| 6. | หนังสือ | W 61 ว594ป 2004 ฉ.6 Barcode: 015833 | บนชั้น ขอยืม | ||
| 7. | หนังสือ | W 61 ว594ป 2004 ฉ.7 Barcode: 015834 | บนชั้น ขอยืม | ||
| 8. | หนังสือ | W61 ว594ป 2004 ฉ.8 Barcode: 020764 | บนชั้น ขอยืม | ||
| รายการใกล้เคียง ผู้แต่ง [วิทิต วัณนาวิบูล] |
BibComment |
| คอมเมนท์ทรัพยากรรายการนี้ |
|
|